Les equipes ayant participé à la Coupe du Monde de Football Féminine - Statistiques

Statistiques générales
  • Ce quiz a été pris 93 fois
  • Le résultat moyen est 31 sur 44
Statistiques - réponses
Participations Meilleur résultat Pays % Correct
9 Vainqueur Etats-Unis
100%
5 4ème place France
100%
9 Vainqueur Allemagne
98%
6 Finale Angleterre
96%
8 4ème place Canada
96%
8 Finale Brésil
95%
3 Vainqueur Espagne
95%
9 Vainqueur Japon
95%
4 Poules Argentine
93%
4 1/4 de finale Italie
93%
9 Finale Suède
93%
8 4ème place Australie
90%
9 Vainqueur Norvège
90%
3 Finale Pays-Bas
90%
8 Finale Chine
89%
1 Poules Portugal
89%
1 1/8 de finale Maroc
85%
2 1/8 de finale Suisse
84%
1 Poules Irlande
83%
3 Poules Mexique
83%
3 1/4 de finale Colombie
82%
4 1/8 de finale Corée du Sud
82%
5 1/4 de finale Danemark
82%
6 Poules Nouvelle-Zélande
80%
2 1/4 de finale Russie
80%
2 1/8 de finale Afrique du Sud
76%
1 Poules Chili
73%
9 1/4 de finale Nigéria
67%
1 Poules Ecosse
63%
4 1/4 de finale Corée du Nord
62%
2 1/8 de finale Jamaïque
56%
1 Poules Equateur
55%
2 Poules Costa Rica
54%
2 1/8 de finale Cameroun
51%
2 Poules Thaïlande
51%
1 Poules Viet Nam
51%
1 Poules Panama
50%
1 Poules Cote d'Ivoire
43%
1 Poules Philippines
40%
1 Poules Haiti
37%
3 Poules Ghana
29%
1 Poules Zambie
28%
1 Poules Guinée Equatoriale
10%
1 1/4 de finale Taipei Chinois
5%
Aucun quiz correspondant
Distribution des résultats
% des personnes avec chaque résultat
Percentile par nombre de réponses
Votre historique - résultats
Vous n’avez pas pris ce quiz